|
|
|
|
| LEADER |
01539cas a2200241 a 4500 |
| 001 |
AALejournalIMF013178 |
| 008 |
230101c9999 xx r poo 0 0eng d |
| 020 |
|
|
|c 5.00 USD
|
| 020 |
|
|
|z 9781475588095
|
| 022 |
|
|
|a 1934-7685
|
| 040 |
|
|
|a BD-DhAAL
|c BD-DhAAL
|
| 110 |
2 |
|
|a International Monetary Fund.
|b European Dept.
|
| 245 |
1 |
4 |
|a The Republic of Croatia :
|b Staff Report for the 2012 Article IV Consultation.
|
| 264 |
|
1 |
|a Washington, D.C. :
|b International Monetary Fund,
|c 2012.
|
| 300 |
|
|
|a 1 online resource (63 pages)
|
| 490 |
1 |
|
|a IMF Staff Country Reports
|
| 500 |
|
|
|a <strong>Off-Campus Access:</strong> No User ID or Password Required
|
| 500 |
|
|
|a <strong>On-Campus Access:</strong> No User ID or Password Required
|
| 506 |
|
|
|a Electronic access restricted to authorized BRAC University faculty, staff and students
|
| 520 |
3 |
|
|a Staff Report for the 2012 Article IV consultation, prepared by a staff team of the IMF, following discussions that ended on October 2, with the officials of Croatia on economic developments and policies. Based on information available at the time of these discussions, the staff report was completed on October 23. The views expressed in the staff report are those of the staff team and do not necessarily reflect the views of the Executive Board of the IMF.
|
| 538 |
|
|
|a Mode of access: Internet
|
| 830 |
|
0 |
|a IMF Staff Country Reports; Country Report ;
|v No. 2012/302
|
| 856 |
4 |
0 |
|z Full text available on IMF
|u http://elibrary.imf.org/view/journals/002/2012/302/002.2012.issue-302-en.xml
|z IMF e-Library
|